000 00345nam a2200145Ia 4500
003 OSt
005 20240130101324.0
008 170523s9999 xx 000 0 und d
020 _a978-0070281011
040 _ciimt university meerut
100 _aHENDERSON- JAMES M
245 0 _aMICRO ECONOMIC THEORY
260 _bMC GRAW HILL
942 _2ddc
_c02
999 _c184
_d184